LEADER 01349nam a2200301 i 4500 001 000000155668 003 CaOOAMICUS 005 20061116000000.0 008 061116s2006 fr u000 u fre u 013 $a133022 020 $a2-204-08088-8 040 $aSeMil$bita 100 1 $aNebel, Mathias.$0(OLS)http://semarc/name/60865 245 13$aLa catégorie morale de péché structurel :$bessai de systématique /$cMathias Nebel. 260 $aParis :$bLes Éditions du Cerf,$c2006$cMathias Nebel. 300 $a596 p. ;$c22 cm. 490 0 $aCogitatio Fidei [Cerf] ;$v252 500 $aContiene : Bibliographie. 650 4$aPeccato - Teologia sistematica.$0(OLS)http://semarc/subject/30463 650 4$aPeccato - Storia - Sec. 20.$0(OLS)http://semarc/subject/30464 650 4$aPeccato - Corruzione politica.$0(OLS)http://semarc/subject/30465 830 0$aCogitatio Fidei ;$v252.$0(OLS)http://semarc/title/206 850 $aSeMil 852 $aSeMil$W1$xVenegono$y1$m2BA N 252$j107499$B107499$CSeMilBibl$Z2$F116966 $81 961 $aSottoscrizione: SODIS 996 $6020$a2-204-08088-8$9(OLS)http://semarc/number/145711 996 $6245$aLa catégorie morale de péché structurel :$bessai de systématique$9(OLS)http://semarc/title/228021 996 $6260$aParis :$bLes Éditions du Cerf$9(OLS)http://semarc/publisher/29611 LEADER 00887nam a2200217 i 4500 001 000000020972 003 CaOOAMICUS 005 20180830125445.0 008 180830n fr u000 u und u 040 $aSeMil$bita 100 1 $aSylvain, Charles.$0(OLS)http://semarc/name/9386 245 10$aHistoire de Pie 9. le Grand et de son Pontificat /$cpar l'abbé Charles Sylvain chanoine honoraire. 250 $atroisième édition. 260 $aLille :$bDesclée de Brouwer et Cie,$c[1883?] 300 $a3 v. ;$c24 cm. 500 $aIn mezzo al front : Bibliothèque des familles. Histoire. 774 0 $tTome premier.$w()178542 774 0 $tTome second.$w()178543 774 0 $tTome troisième.$w()178544 996 $6245$aHistoire de Pie 9. le Grand et de son Pontificat$9(OLS)http://semarc/title/27708 996 $6260$aLille :$bDesclée de Brouwer et Cie$9(OLS)http://semarc/publisher/35420